Carregando...

Soil Erosion research methods

Detalhes bibliográficos
Outros Autores: Lal ,R
Formato: Printed Book
Idioma:Undetermined
Publicado em: CRS 1994
Assuntos:
LEADER 00468nam a2200157Ia 4500
008 140316s9999 xx 000 0 und d
082 |a 631.4  |b LAL/SO 
100
245 |a Soil Erosion research methods 
260 |b CRS  |c 1994 
300 |a 340 
650 |a Rainfall 
700 |a Lal ,R 
942 |2 ddc  |c REF 
999 |c 21666  |d 21666 
952 |0 0  |1 0  |2 ddc  |4 0  |6 631_400000000000000_LALSO  |7 0  |9 29519  |a KAUCLV  |b KAUCLV  |c REF  |d 2014-03-18  |o 631.4 LAL/SO  |p 221862  |r 2014-03-18  |w 2014-03-18  |y REF